|
|
|
|
| LEADER |
01004nam a2200241 a 4500 |
| 001 |
00024556 |
| 008 |
120222s2006 ii a b 001 0 eng |
| 020 |
|
|
|a 9788177586480
|
| 040 |
|
|
|a BD-DhAAL
|c BD-DhAAL
|
| 082 |
0 |
0 |
|a 339
|2 23
|
| 999 |
|
|
|c 11911
|d 11911
|
| 999 |
|
|
|c 11911
|
| 100 |
1 |
|
|a Dwivedi, D. N.
|9 1763
|
| 245 |
1 |
0 |
|a Macroeconomics :
|b theory and application /
|c D.N. Dwivedi.
|
| 260 |
|
|
|a New Delhi :
|b Pearson,
|c 2006.
|
| 300 |
|
|
|a xix, 624 p. :
|b ill. ;
|c 25 cm.
|
| 504 |
|
|
|a Includes bibliographical references and index.
|
| 541 |
|
|
|e 00024556
|
| 650 |
|
0 |
|a Macroeconomics.
|9 1764
|
| 852 |
1 |
|
|a Ayesha Abed Library
|c General shelf.
|
| 942 |
|
|
|2 ddc
|c BK
|
| 952 |
|
|
|0 0
|1 0
|2 ddc
|4 0
|6 339_000000000000000_DWI
|7 0
|9 19484
|a BRACUL
|b BRACUL
|c GEN
|d 2012-02-20
|e Parama Books
|g 412.00
|l 17
|m 90
|o 339 DWI
|p 3010024556
|r 2025-06-18
|s 2025-04-16
|t 1
|w 2012-02-22
|y BK
|
| 952 |
|
|
|0 0
|1 0
|2 ddc
|4 0
|6 339_DWI
|7 0
|9 19485
|a BRACUL
|b BRACUL
|c GEN
|d 2012-02-20
|l 14
|m 63
|o 339 DWI
|p 3010024557
|q 2026-06-02
|r 2025-08-28
|s 2025-08-28
|t 2
|w 2012-02-22
|y BK
|